00984nam a2200205Ia 450000500170000000800410001702000250005804000190008304100120010208200170011424500970013125000100022826000370023830000230027550403440029885000100064294200070065299900160065995201030067520230420095634.0131103s9999 xx 000 0 und d a817188099 1cRs. 595 aLoreto College aEnglish a338.954bKAP aRecent developments in Indian economyb the on going economic reforms cedited by Uma Kapila aDelhi aAcademic Foundationbc 1994cV.6 bill.,tables 23 cm. aVol. 1 Planning, institutional framework,growth, structural change and development performance; Vol.2 Agricultural development : various aspects; Vol. 3 Industry and foreign trade; Vol. 4. Recent developments in Indian economy with special references to structural reforms; Vol. 6 Recent development in Indian economy : the ongoing reform aLCLIB cBK c3128d53607 00102ddc4070aMAINbMAINd2013-11-04l0o338.954 KAP 37460pB2990r2013-11-04w2013-11-04yBKf